| 000 | 00361nam a2200145Ia 4500 | ||
|---|---|---|---|
| 008 | 240624s9999 xx 000 0 und d | ||
| 041 | _aeng | ||
| 082 | _a658.4012 HEA | ||
| 100 | _aHEAGNEY JOSEPH | ||
| 245 | _aFUNDAMENTALS OF PROJECT MANAGEMENT | ||
| 250 | _a(4th ed.) | ||
| 260 |
_c2011 _aNew York _bAmacom |
||
| 300 | _axv, : 202p. ; 22cm. | ||
| 365 |
_c _b28 |
||
| 999 |
_c22036 _d22036 |
||